[Event "Avoine op 33rd"]
[Site "Avoine"]
[Date "2018.07.25"]
[Round "5"]
[White "Deschin, Pierre Antoine"]
[Black "El Fakkak, Radouan"]
[Result "0-1"]
[WhiteElo "2131"]
[BlackElo "1858"]
[PlyCount "110"]
[EventDate "2018.07.21"]
[EventType "swiss"]
[EventRounds "9"]
[EventCountry "FRA"]
[SourceTitle "CBM 185 Extra"]
[Source "ChessBase"]
[SourceDate "2018.07.29"]
[SourceVersion "1"]
[SourceVersionDate "2018.07.29"]
[SourceQuality "1"]

1. Nf3 e6 2. c4 d5 3. g3 Nf6 4. d4 c6 5. Bg2 Bb4+ 6. Bd2 Be7 7. 0-0 0-0 8. Qc2 Nbd7 9. Rd1 b6 10. Bf4 Bb7 11. Nc3 Rc8 12. e4 Nxe4 13. Nxe4 dxe4 14. Qxe4 Nf6 15. Qc2 Qe8 16. Qa4 a6 17. Qb3 b5 18. a4 c5 19. axb5 axb5 20. Qxb5 Bc6 21. Qb3 cxd4 22. Nxd4 Bxg2 23. Kxg2 Bc5 24. Nb5 e5 25. Be3 Qc6+ 26. Kg1 Qf3 27. Rd3 e4 28. Rc3 Qf5 29. Bxc5 Rxc5 30. Qd1 Ng4 31. f3 exf3 32. Qxf3 Qh5 33. Rc2 Rf5 34. Qe4 Re5 35. Qf4 Rfe8 36. Rf1 f6 37. Nc3 Ne3 38. Rcf2 Nxf1 39. Rxf1 Re1 40. Nd5 Qh3 41. Nc3 Qe6 42. Rxe1 Qxe1+ 43. Kg2 Qa1 44. Qd2 Rb8 45. Nb5 Qa8+ 46. Kh3 Rd8 47. Qe2 Qc8+ 48. Kg2 Qc6+ 49. Kh3 Qd7+ 50. Qg4 f5 51. Qf4 h6 52. b3 Qf7 53. Nd6 Qh5+ 54. Kg2 Qe2+ 55. Kg1 Qd1+ 0-1